Brincando na fazenda (Record no. 48696)

MARC details
000 -LÍDER
campo de controle de tamanho fixo 00279 a2200121 4500
001 - NÚMERO DE CONTROLE
campo de controle 48696
020 ## - ISBN - INTERNATIONAL STANDARD BOOK NUMBER
ISBN - International Standard Book Number 978-85-380-3400-1
040 ## - FONTE DA CATALOGAÇÃO
Instituição que transcreveu o registro Anchieta - Bela Vista
240 10 - TÍTULO UNIFORME
Título uniforme Brincando na fazenda
Idioma da obra por
245 10 - TÍTULO
Título Brincando na fazenda
650 #4 - ASSUNTO--TERMO TÓPICO
Cabeçalho tópico ou nome geográfico Literatura infantil
942 ## - ELEMENTOS DE ENTRADA ADICIONADOS (KOHA)
Tipo de material Koha Livros
Holdings
Situação do descarte Situação das perdas Situação física Não pode ser emprestado Biblioteca de origem Biblioteca atual Data de aquisição Total de empréstimos Número de chamada completo Código de barras Data de último acesso Data do preço efetivo Tipo de material Koha
        Colégio Anchieta - Bela Vista Colégio Anchieta - Bela Vista 21/11/2023   LI 028.5 B921b BRI 850/BEL 21/11/2023 21/11/2023 Livros